00326nam a2200121Ia 4500008004100000041000800041082001600049100001900065245004500084260003500129300002700164365001300191240624s9999 xx 000 0 und d aeng a621.382 BER aBERNSTEIN GREG aOPTICAL NETWORK CONTROL ARCHITECTURE PRO c2004aDelhibPearson Education axvii, : 444 : cm. ; 24 cRSb31.5